ARRUPE JESUIT UNIVERSITY

CORONAVIRUS -STOP THE SPREAD - CLEAN,DISINFECT,COVER

Meditative prayer : (Record no. 123737)

MARC details
000 -LEADER
fixed length control field 00770cam a22002297a 4500
001 - CONTROL NUMBER
control field 11932087
005 - DATE AND TIME OF LATEST TRANSACTION
control field 20151104121508.0
008 - FIXED-LENGTH DATA ELEMENTS--GENERAL INFORMATION
fixed length control field 000304s1998 cou b 000 0 eng
010 ## - LIBRARY OF CONGRESS CONTROL NUMBER
LC control number 00551595
020 ## - INTERNATIONAL STANDARD BOOK NUMBER
International Standard Book Number 0891099018 (pbk.)
040 ## - CATALOGING SOURCE
Original cataloging agency DLC
Transcribing agency DLC
050 00 - LIBRARY OF CONGRESS CALL NUMBER
Classification number BV210.2.P355
100 1# - MAIN ENTRY--PERSONAL NAME
Personal name Peace, Richard.
9 (RLIN) 20924
245 10 - TITLE STATEMENT
Title Meditative prayer :
Remainder of title entering God's presence : a spiritual formation study guide /
Statement of responsibility, etc by Richard Peace.
260 ## - PUBLICATION, DISTRIBUTION, ETC. (IMPRINT)
Place of publication, distribution, etc Colorado Springs, Colo. :
Name of publisher, distributor, etc NavPress,
Date of publication, distribution, etc c1998.
300 ## - PHYSICAL DESCRIPTION
Extent 111 p. ;
Dimensions 22 cm.
504 ## - BIBLIOGRAPHY, ETC. NOTE
Bibliography, etc Includes bibliographical references (p. 101)
650 ## - SUBJECT ADDED ENTRY--TOPICAL TERM
Topical term or geographic name as entry element Prayer
9 (RLIN) 20925
906 ## - LOCAL DATA ELEMENT F, LDF (RLIN)
a 7
b cbc
c orignew
d 4
e ncip
f 20
g y-gencatlg
942 ## - ADDED ENTRY ELEMENTS (KOHA)
Source of classification or shelving scheme Library of Congress Classification
Item type Monograph ( Printed materials)
Holdings
Withdrawn status Lost status Source of classification or shelving scheme Damaged status Not for loan Home library Current library Date acquired Total Checkouts Full call number Barcode Date last seen Price effective from Koha item type
    Library of Congress Classification     ARRUPE LIBRARY ARRUPE LIBRARY 10/11/2015   BV210.2.P355 46500005625 24/01/2017 10/11/2015 Monograph ( Printed materials)

 

Arrupe Library. PO Box MP320 Mt Pleasant, Harare, Zimbabwe
263 242 745411|librarian@aju.ac.zw